000 00702nam a2200229Ia 4500
020 _a0021440107 (gr. 1)
020 _a0021441200 (gr. 1, T.E.)
020 _a0021440603 (gr. 6)
020 _a0021441707 (gr. 6, T.E.)
040 _cCSU
082 _a910 MAC 1990 A101 Or.
245 0 4 _aThe World around us /
260 _aNew York :
_bMacmillan Pub. Co.,
_cc1990
300 _a7 v. :
_bcol. ill., col. maps ;
_c27 cm. +
_e7 teacher's editions (31 cm.)
500 _aFor grades K-6
650 0 _aSocial sciences
650 0 _aSocial sciences
700 1 0 _aBeyer, Barry K.,
710 2 0 _aMacmillan Publishing Company
710 2 0 _aMacmillan/McGraw-Hill School Publishing Company
942 _cEK
999 _c13307
_d13307